000 00303nam a22001337a 4500
008 171016b xxu||||| |||| 00| 0 eng d
020 _a9780030328220
041 _aeng
080 _22ND
_a33
100 _a52
101 _aEKO
245 _aCOMPARATIVE ECONOMIC SYSTEMS
_cGARDNER,H,S
942 _2udc
_cBK
999 _c34116
_d34116